Statistics for Billy Joel Lyrics Quiz (Part 41)

Click here to take the quiz!

General Stats

  • This quiz has been taken 19 times
  • The average score is 271 of 401

Answer Stats

Answer% Correct
a
92%
And
92%
and
92%
do
92%
I
92%
when
92%
If
85%
if
85%
me,
85%
me
85%
on
85%
The
85%
the
85%
where
85%
You
85%
you
85%
am
77%
don't
77%
go
77%
in
77%
love
77%
not
77%
what
77%
your
77%
at
69%
be
69%
can
69%
did
69%
it
69%
it,
69%
It
69%
it's
69%
I've
69%
just
69%
know
69%
like
69%
Like
69%
make
69%
my
69%
they
69%
time
69%
to
69%
you're
69%
all
62%
another
62%
Another
62%
best
62%
But
62%
but
62%
can't
62%
charts
62%
down
62%
entertainer,
62%
entertainer
62%
first
62%
hand
62%
here
62%
I'd
62%
life
62%
of
62%
or
62%
see
62%
So
62%
stand
62%
stay
62%
things
62%
Today
62%
too
62%
took
62%
want
62%
well
62%
won
62%
won't
62%
year
62%
you'll
62%
3:05
54%
age
54%
around
54%
as
54%
back
54%
band
54%
beans
54%
beautiful
54%
been
54%
bills
54%
by
54%
champion,
54%
check,
54%
cold,
54%
cut
54%
dance
54%
day
54%
discount
54%
doing
54%
'em
54%
fees
54%
fit
54%
forget
54%
game,
54%
get
54%
girls
54%
gonna
54%
Got
54%
got
54%
gotta
54%
had
54%
haired
54%
have
54%
heard
54%
hearts,
54%
hell,
54%
hit
54%
idol
54%
kinds
54%
laid
54%
latest
54%
learned
54%
long
54%
magazines
54%
may
54%
merry
54%
money
54%
name,
54%
neck
54%
pants,
54%
papers,
54%
pay
54%
played
54%
put
54%
rack
54%
radio
54%
ran
54%
record,
54%
remember
54%
rub
54%
say
54%
serenader
54%
show
54%
sold
54%
song
54%
stage
54%
that
54%
their
54%
those
54%
twice
54%
two
54%
was
54%
way
54%
were
54%
with
54%
world
54%
write
54%
years
54%
You've
54%
agencies
46%
bring
46%
'Cause
46%
come
46%
expenses,
46%
faces,
46%
haunt
46%
line
46%
meet
46%
names
46%
palaces
46%
price
46%
same
46%
songs
46%
spend
46%
still
46%
there's
46%
after
38%
becomes
38%
miles
38%
thousand
38%
while
38%
let
31%

Score Distribution

Percentile by Number Answered

Percent of People with Each Score

Your Score History

You have not taken this quiz